[Event "1st Advent"]
[Site "SchemingMind.com"]
[Date "2021.04.14"]
[Round "-"]
[White "Greg Magne"]
[Black "Gilligan"]
[Result "1-0"]
[WhiteCountry "CAN"]
[BlackCountry "USA"]
[WhiteElo "1830"]
[WhiteRD "80"]
[BlackElo "1706"]
[BlackRD "56"]
[GameID "710614"]

1. e4 e5 2. Nf3 Nc6 3. Bb5 a6 4. Ba4 b5 5. Bb3 Nf6 6. O-O Bc5 7. Nxe5 O-O 8. Nxc6 dxc6 9. e5 Ng4 10. c3 Bb6
11. d4 Qh4 12. h3 Nh6 13. Nd2 Qe7 14. Nf3 Nf5 15. Bg5 Qe8 16. Nh4 Kh8 17. Nxf5 Bxf5 18. Qf3 Bg6 19. Rad1 c5 20. Bd5 Rc8
21. Bh4 c6 22. Be4 Bxe4 23. Qxe4 cxd4 24. cxd4 c5 25. d5 c4 26. Rfe1 Bd8 27. Bg3 f5 28. Qd4 Rc7 29. e6 Bf6 30. Qb6 Rc8
31. d6 Rc6 32. Qe3 g5 33. e7 Bxe7 34. dxe7 f4 35. exf8=Q+ Qxf8 36. Qe5+ Rf6 37. Rd7 fxg3 38. Qxf6+ Kg8 39. Qxg5+ Kh8 40. fxg3
1-0

[Event "1st Advent"]
[Site "SchemingMind.com"]
[Date "2021.04.23"]
[Round "-"]
[White "Helga1946"]
[Black "Carlos Vila Hernández"]
[Result "0-1"]
[WhiteCountry "GER"]
[BlackCountry "CUB"]
[WhiteElo "2231"]
[WhiteRD "66"]
[BlackElo "2316"]
[BlackRD "102"]
[GameID "710941"]

1. a3 Nf6 2. Nc3 d5 3. d4 e6 4. Bf4 c5 5. e3 a6 6. Nf3 Nc6 7. Bg3 b5 8. Be2 c4 9. O-O Bb7 10. b3 Be7
11. bxc4 dxc4 12. Nd2 O-O 13. Bf3 Qd7 14. Qe2 Rac8 15. Rfd1 Na5 16. h3 Rfd8 17. Bh4 h6 18. Bxf6 Bxf6 19. Qe1 Bxf3 20. Nxf3 Nc6
21. Ne4 Be7 22. c3 Qe8 23. Ned2 Nb8 24. Rdb1 Nd7 25. a4 Nb6 26. Nf1 Nxa4 27. Ra2 Rd7 28. e4 Ra7 29. Ne3 a5 30. Nc2 Raa8
31. Rba1 Rab8 32. h4 Nxc3 33. Qxc3 b4 34. Qe3 Bd8 35. Rb2 b3 36. Qc3 Qb5 37. Rc1 Be7 38. Nd2 a4 39. Nb1 Qb7 40. e5 Bxh4
41. Nca3 Be7 42. Re2 Qa6 43. Rd2 Bb4 44. Qb2 Bxd2 45. Nxd2 c3 46. Rxc3 Rxc3 47. Qxc3 b2 48. Nab1 Qe2 49. g3 Rb3 50. Qc2 Rf3
0-1

[Event "1st Advent"]
[Site "SchemingMind.com"]
[Date "2021.04.28"]
[Round "-"]
[White "Carlos Vila Hernández"]
[Black "Helga1946"]
[Result "1-0"]
[WhiteCountry "CUB"]
[BlackCountry "GER"]
[WhiteElo "2316"]
[WhiteRD "102"]
[BlackElo "2231"]
[BlackRD "66"]
[GameID "710942"]

1. e4 c5 2. Nf3 Nc6 3. d4 cxd4 4. Nxd4 d6 5. Nc3 e5 6. Ndb5 Nf6 7. Bg5 a6 8. Na3 b5 9. Nd5 Be7 10. Bxf6 Bxf6
11. c3 Bb7 12. Nc2 O-O 13. a4 bxa4 14. Rxa4 Nb8 15. Bc4 Nd7 16. Qe2 Bg5 17. O-O Rb8 18. b4 Nb6 19. Nxb6 Qxb6 20. Ra3 Rfd8
21. Bxa6 d5 22. Bxb7 Qxb7 23. exd5 Qxd5 24. h4 Bxh4 25. c4 Qd2 26. Qxd2 Rxd2= 27. Rc3 f5 28. c5 Bd8 29. Rb1 Rc8 30. Ne3 f4
31. Nc4 Rd5 32. Ra3 Bc7 33. Ra6 Rcd8 34. c6 Rd4 35. Rc1 R4d5 36. Ra7 Rc8 37. Rb7 e4 38. Nb6 Bxb6 39. Rxb6 e3 40. fxe3 fxe3
41. b5 e2 42. Re1 Re5 43. Rb7 Kf8 44. Kf2 Rf5+ 45. Kg3 Re5 46. Kf3 Re7 47. Rxe7 Kxe7 48. Rxe2+ Kd6 49. Ke4 Kc5 50. Rc2+ Kb6
51. Kd5 Rc7 52. Kd6
1-0

[Event "1st Advent"]
[Site "SchemingMind.com"]
[Date "2021.05.06"]
[Round "-"]
[White "Robert Hatfield"]
[Black "trazadora"]
[Result "0-1"]
[WhiteCountry "USA"]
[BlackCountry "CUB"]
[WhiteElo "1815"]
[WhiteRD "57"]
[BlackElo "2086"]
[BlackRD "116"]
[GameID "711258"]

1. c4 Nf6 2. g3 e5 3. Bg2 d5 4. cxd5 Nxd5 5. Nc3 Nb6 6. Nf3 Nc6 7. O-O Be7 8. a3 O-O 9. d3 Be6 10. b4 a5
11. b5 Nd4 12. Nxd4 exd4 13. Ne4 a4 14. Rb1 f5 15. Nd2 Nd5 16. Bb2 Nc3 17. Bxc3 dxc3 18. Nf3 Bxa3 19. Ne5 Bb2 20. Bxb7 Bb3
0-1

[Event "1st Advent"]
[Site "SchemingMind.com"]
[Date "2021.05.06"]
[Round "-"]
[White "trazadora"]
[Black "Robert Hatfield"]
[Result "1-0"]
[WhiteCountry "CUB"]
[BlackCountry "USA"]
[WhiteElo "2086"]
[WhiteRD "116"]
[BlackElo "1815"]
[BlackRD "57"]
[GameID "711259"]

1. e4 e6 2. d4 d5 3. Nc3 c5 4. exd5 cxd4 5. Bb5+ Bd7 6. Qxd4 Nf6 7. dxe6 fxe6 8. Nf3 Be7 9. Bf4 O-O 10. O-O-O Nc6
11. Qe3 Qe8 12. Bg3 Rc8 13. a3 Kh8 14. Rhe1 Qh5 15. Kb1 a6 16. Bc4 Qa5 17. Ne4 Ng4 18. Qb3
1-0

[Event "1st Advent"]
[Site "SchemingMind.com"]
[Date "2021.05.16"]
[Round "-"]
[White "MichaelChess"]
[Black "Transcendent"]
[Result "1-0"]
[WhiteCountry "CUB"]
[BlackCountry "ENG"]
[WhiteElo "2424"]
[WhiteRD "92"]
[BlackElo "2098"]
[BlackRD "73"]
[GameID "711480"]

1. e4 c6 2. d4 d5 3. e5 Bf5 4. h4 h5 5. Bd3 Bxd3 6. Qxd3 Qa5+ 7. Bd2 Qa6 8. e6 Qxd3 9. exf7+ Kxf7 10. cxd3 Nd7
11. Bc3 e6 12. Nf3 Bd6 13. O-O Nh6 14. Nbd2 Nf5 15. Rfe1 Be7 16. Ng5+ Bxg5 17. hxg5 e5 18. dxe5 Rhe8 19. Nf3 Nc5 20. Rad1 a5
21. e6+ Nxe6 22. Kf1 Nc5 23. Rxe8 Kxe8 24. Ne5 Ke7 25. g3 Ke6 26. Re1 Kd6 27. Kg2 b5 28. Bd2 b4 29. g6 Rf8 30. a3 b3
31. Bxa5 Na4 32. Nf7+ Kd7 33. Bd2 Re8 34. Ne5+ Kc8 35. Bc1 Re6 36. f4 Ne7 37. Rh1 Nxg6 38. Nxg6 Rxg6 39. f5 Rf6 40. Rxh5 Nc5
41. g4 Nxd3 42. Bg5 Rf7 43. Rh3 Nxb2 44. Rxb3 Nc4 45. Bf4 Kd7 46. Rb7+ Ke8 47. Rb8+ Kd7 48. a4 c5 49. Rb7+ Ke8 50. Rxf7 Kxf7
51. Bc7 Ke7 52. Kf3 d4 53. Ke4 Kd7 54. Bb8 Ke7 55. g5
1-0

[Event "1st Advent"]
[Site "SchemingMind.com"]
[Date "2021.05.18"]
[Round "-"]
[White "Transcendent"]
[Black "MichaelChess"]
[Result "0-1"]
[WhiteCountry "ENG"]
[BlackCountry "CUB"]
[WhiteElo "2051"]
[WhiteRD "69"]
[BlackElo "2406"]
[BlackRD "91"]
[GameID "711481"]

1. e4 c5 2. Nf3 d6 3. d4 cxd4 4. Nxd4 Nf6 5. Nc3 a6 6. Bg5 e6 7. f4 Qb6 8. Qd2 Qxb2 9. Rb1 Qa3 10. e5 dxe5
11. fxe5 Nfd7 12. Ne4 h6 13. Bh4 Qxa2 14. Rd1 Qd5 15. Qe3 Qxe5 16. Be2 Bc5 17. Bg3 Qd5 18. c4 Bxd4 19. Rxd4 Qa5+ 20. Rd2 O-O
21. Bd6 f5 22. Bxf8 Nxf8
0-1

[Event "1st Advent"]
[Site "SchemingMind.com"]
[Date "2021.05.26"]
[Round "-"]
[White "Rommel85"]
[Black "Trefor"]
[Result "1-0"]
[WhiteCountry "CUB"]
[BlackCountry "WLS"]
[WhiteElo "2317"]
[WhiteRD "116"]
[BlackElo "2105"]
[BlackRD "108"]
[GameID "712076"]

1. e4 e6 2. d4 d5 3. Nd2 c5 4. Ngf3 cxd4 5. exd5 Qxd5 6. Bc4 Qd6 7. O-O Nf6 8. Nb3 Nc6 9. Nbxd4 Nxd4 10. Nxd4 a6
11. Re1 Be7 12. Bb3 O-O 13. c3 Bd7 14. Qf3 a5 15. Bf4 Qb6 16. Be5 Rac8 17. a4 Rfd8 18. Re3 Bc6 19. Qg3 Bd5 20. Bc2 g6
21. Qh4 Kg7 22. Rh3 Rh8 23. Qh6+ Kg8 24. Qf4 Qd8 25. Rd1 h5 26. Rf3 Bxf3 27. Nxf3 Nd5 28. Rxd5 Qxd5 29. Bxh8 g5 30. Qd4 Qxd4
31. Bxd4 g4 32. Ne1 Bc5 33. Bf6 Kf8 34. Nd3 Be7 35. Bd4 f6 36. Nf4
1-0

[Event "1st Advent"]
[Site "SchemingMind.com"]
[Date "2021.05.26"]
[Round "-"]
[White "Trefor"]
[Black "Rommel85"]
[Result "1/2-1/2"]
[WhiteCountry "WLS"]
[BlackCountry "CUB"]
[WhiteElo "2105"]
[WhiteRD "108"]
[BlackElo "2317"]
[BlackRD "116"]
[GameID "712077"]

1. e4 e5 2. Nf3 Nc6 3. Bc4 Bc5 4. b4 Bxb4 5. c3 Ba5 6. d4 d6 7. Qb3 Qd7 8. O-O Bb6 9. Nbd2 Na5 10. Qc2 f6
11. a4 Ne7 12. Ba2 Nec6 13. Rb1 exd4 14. cxd4 Bxd4 15. Rd1 Qe7 16. Ba3 Bc5 17. Bxc5 dxc5 18. e5 fxe5 19. Nc4 Nxc4 20. Qxc4 Rf8
21. Re1 a5= 22. Qd5 Rf5 23. Qg8+ Rf8 24. Qd5 Rf5 25. Qg8+ Qf8 26. Qxh7 Rxf3 27. gxf3 Bf5 28. Qh5+ g6 29. Qh4 Bxb1 30. Bxb1 Kf7
31. f4 Kg7=
1/2-1/2

[Event "1st Advent"]
[Site "SchemingMind.com"]
[Date "2021.08.31"]
[Round "-"]
[White "trazadora"]
[Black "Servelión Graterol Hernández"]
[Result "1/2-1/2"]
[WhiteCountry "CUB"]
[BlackCountry "VEN"]
[WhiteElo "2307"]
[WhiteRD "101"]
[BlackElo "2572"]
[BlackRD "67"]
[GameID "714785"]

1. e4 c5 2. Nc3 Nc6 3. g3 d6 4. f4 g6 5. Bg2 Bg7 6. d3 Nf6 7. h3 O-O 8. Nge2 Rb8 9. O-O Bd7 10. a4 a6
11. g4 b5 12. axb5 axb5 13. Ng3 h6 14. e5 dxe5 15. f5 c4 16. Nce4 Qb6+ 17. Kh2 Rfd8 18. c3 Na5 19. fxg6 fxg6 20. Qe1 cxd3
21. Nxf6+ exf6 22. Be3 Qc7 23. Ne4 f5 24. gxf5 Bxf5 25. Qh4 Rd7 26. Bxh6 Rf8 27. b4 Nb7 28. Ra7 d2 29. Bxd2 Bxe4 30. Rxf8+ Bxf8
31. Qxe4 Rxd2 32. Rxb7 Qd6 33. Rxb5 Bh6=
1/2-1/2

[Event "1st Advent"]
[Site "SchemingMind.com"]
[Date "2021.08.30"]
[Round "-"]
[White "Servelión Graterol Hernández"]
[Black "trazadora"]
[Result "1/2-1/2"]
[WhiteCountry "VEN"]
[BlackCountry "CUB"]
[WhiteElo "2610"]
[WhiteRD "73"]
[BlackElo "2273"]
[BlackRD "105"]
[GameID "714786"]

1. d4 d5 2. c4 e6 3. Nf3 Nf6 4. Nc3 c6 5. Bg5 h6 6. Bh4 dxc4 7. e4 g5 8. Bg3 b5 9. h4 g4 10. Ne5 Nbd7
11. Be2 Bb7 12. Nxd7 Qxd7 13. Be5 Qe7 14. O-O Rg8 15. b3 Bg7 16. Qc2 Nh5 17. Bxg7 Rxg7 18. g3 Qd6 19. e5 Qxd4 20. Ne4 Qxe5
21. Rad1 Kf8 22. Rfe1 c5 23. Bxc4 bxc4 24. Nd6 Qf6 25. Nxb7 Qf3 26. Qd2 Qxb7 27. Qxh6 Nxg3 28. fxg3 Kg8 29. bxc4=
1/2-1/2

[Event "1st Advent"]
[Site "SchemingMind.com"]
[Date "2021.09.15"]
[Round "-"]
[White "ramesse"]
[Black "Rommel85"]
[Result "1/2-1/2"]
[WhiteCountry "SVK"]
[BlackCountry "CUB"]
[WhiteElo "2542"]
[WhiteRD "76"]
[BlackElo "2397"]
[BlackRD "92"]
[GameID "715291"]

1. e4 e5 2. Nf3 Nc6 3. Bb5 Nf6 4. d3 Bc5 5. c3 O-O 6. O-O d6 7. Nbd2 a6 8. Ba4 b5 9. Bc2 Be6 10. h3 Bb6
11. Re1 h6 12. a4 Re8 13. Nf1 d5 14. exd5 Qxd5 15. Bd2 Rad8 16. Ng3 Qd6 17. b4 Nd5 18. Ne4 Qf8 19. a5 Ba7 20. Ng3 Bc8
21. Bb3 Be6 22. Nxe5 Ndxb4 23. Nxc6 Bxb3 24. Qxb3 Nxc6 25. d4 Qd6 26. Nf5 Qd7 27. Qc2 Ne7 28. Rxe7 Rxe7 29. Nxe7+ Qxe7 30. Re1 Qf6
31. Qe4 c5=
1/2-1/2

[Event "1st Advent"]
[Site "SchemingMind.com"]
[Date "2021.09.15"]
[Round "-"]
[White "Rommel85"]
[Black "ramesse"]
[Result "1/2-1/2"]
[WhiteCountry "CUB"]
[BlackCountry "SVK"]
[WhiteElo "2397"]
[WhiteRD "92"]
[BlackElo "2542"]
[BlackRD "76"]
[GameID "715292"]

1. e4 c5 2. Nf3 d6 3. Nc3 Nf6 4. d4 cxd4 5. Nxd4 a6 6. Be3 e5 7. Nb3 Be6 8. f3 Be7 9. Qd2 O-O 10. O-O-O Nbd7
11. g4 b5 12. g5= b4 13. Ne2 Ne8 14. f4 a5 15. f5 a4 16. Nbd4 exd4 17. Nxd4 b3 18. Kb1 bxc2+ 19. Nxc2 Bb3 20. axb3 axb3
21. Na3 Ne5 22. h4 Ra4 23. Rh3 Qa8 24. Qd5 Rxa3 25. bxa3 Qxa3 26. Qd2 Nf6 27. Bd4 Nfd7 28. Qb2 Qa8 29. Re3 Rb8 30. Rc1=
1/2-1/2

[Event "1st Advent"]
[Site "SchemingMind.com"]
[Date "2021.10.28"]
[Round "-"]
[White "Greg Magne"]
[Black "MichaelChess"]
[Result "0-1"]
[WhiteCountry "CAN"]
[BlackCountry "CUB"]
[WhiteElo "1855"]
[WhiteRD "78"]
[BlackElo "2466"]
[BlackRD "86"]
[GameID "716870"]

1. e4 c5 2. Nf3 d6 3. d4 cxd4 4. Nxd4 Nf6 5. Nc3 a6 6. Bg5 e6 7. f4 Qb6 8. Qd2 Qxb2 9. Nb3 Qa3 10. Bxf6 gxf6
11. Be2 Bg7 12. f5 h5 13. Rd1 Nc6 14. Qxd6 Qxd6 15. Rxd6 Bf8 16. Rd3 Ne5 17. Re3 Bd7 18. O-O Rc8 19. Bd1 a5 20. Kh1 Bb4
21. Ne2 a4 22. Nbc1 Bd2 23. Rh3 Nc4 24. Nd4 Ne3 25. Rxe3 Bxe3 26. Nce2 Ke7 27. c3 Rhd8 28. Rf3 Bxd4 29. cxd4 Bb5 30. Kg1 Bxe2
31. Bxe2 Rc2
0-1

[Event "1st Advent"]
[Site "SchemingMind.com"]
[Date "2021.10.29"]
[Round "-"]
[White "MichaelChess"]
[Black "Greg Magne"]
[Result "1-0"]
[WhiteCountry "CUB"]
[BlackCountry "CAN"]
[WhiteElo "2466"]
[WhiteRD "86"]
[BlackElo "1855"]
[BlackRD "78"]
[GameID "716871"]

1. e4 c5 2. Nf3 d6 3. d4 cxd4 4. Nxd4 Nf6 5. Nc3 a6 6. h3 e5 7. Nde2 Nbd7 8. g4 h6 9. a4 Rb8 10. Be3 b5
11. axb5 axb5 12. Ng3 g6 13. Bxb5 Bg7 14. Qxd6 Rb7 15. Bc5 Bf8 16. Qxe5+ Be7 17. Bxd7+ Bxd7 18. Bxe7
1-0

[Event "1st Advent"]
[Site "SchemingMind.com"]
[Date "2021.12.06"]
[Round "-"]
[White "Rommel85"]
[Black "Carlos Vila Hernández"]
[Result "1/2-1/2"]
[WhiteCountry "CUB"]
[BlackCountry "CUB"]
[WhiteElo "2410"]
[WhiteRD "85"]
[BlackElo "2516"]
[BlackRD "80"]
[GameID "718232"]

1. e4 e5 2. Nf3 Nc6 3. Bc4 Nf6 4. d3 Bc5 5. c3 a6 6. Bb3 d6 7. O-O O-O 8. Re1 Ba7 9. h3 h6 10. Nbd2 Be6
11. Nf1 Re8 12. Be3 Bxe3 13. Nxe3 Qd7 14. Bc2 d5 15. Ba4 b5 16. Bb3 dxe4 17. dxe4 Bxb3 18. axb3 Qxd1 19. Raxd1 Rad8 20. b4 Rxd1
21. Rxd1 Nxe4 22. Rd7 Rc8 23. Nd5 f6 24. Rxc7 Rxc7 25. Nxc7 Nb8 26. Ne1 Kf7 27. Nd3 Ke7 28. f3 Nd6 29. Nc5 Nc4 30. b3 Ne3
31. g4=
1/2-1/2

[Event "1st Advent"]
[Site "SchemingMind.com"]
[Date "2021.12.06"]
[Round "-"]
[White "Carlos Vila Hernández"]
[Black "Rommel85"]
[Result "1/2-1/2"]
[WhiteCountry "CUB"]
[BlackCountry "CUB"]
[WhiteElo "2516"]
[WhiteRD "80"]
[BlackElo "2410"]
[BlackRD "85"]
[GameID "718233"]

1. e4 e5 2. Nf3 Nc6 3. Bb5 Nf6 4. O-O Nxe4 5. d4 Nd6 6. Bxc6 dxc6 7. dxe5 Nf5 8. Qxd8+ Kxd8 9. h3 Ke8 10. Nc3 h5
11. Bf4 Bb4 12. Ne2 Be6 13. Nfd4 Nxd4 14. Nxd4 Bd5 15. Rac1 Rd8 16. Rfd1 Be7 17. c4 Be4 18. f3 Bg6 19. g4 Rxd4 20. Rxd4 Bc5
21. Be3 hxg4 22. hxg4 Bxd4 23. Bxd4 Bd3 24. Bxa7 b6 25. a4 Ke7 26. Rc3 Bb1 27. a5 bxa5 28. Ra3 Rd8 29. Rxa5 Rd2 30. Bc5+ Ke6
31. Ra7 Kxe5=
1/2-1/2

[Event "1st Advent"]
[Site "SchemingMind.com"]
[Date "2021.12.29"]
[Round "-"]
[White "trazadora"]
[Black "MichaelChess"]
[Result "1/2-1/2"]
[WhiteCountry "CUB"]
[BlackCountry "CUB"]
[WhiteElo "2466"]
[WhiteRD "85"]
[BlackElo "2483"]
[BlackRD "82"]
[GameID "718890"]

1. e4 c5 2. Nc3 Nc6 3. Bb5 Nd4 4. Bc4 Nf6 5. Nge2 a6 6. a4 e6 7. Ba2 b6 8. e5 Ng8 9. Nxd4 cxd4 10. Qf3 Rb8
11. Ne4 Bb7 12. O-O f5 13. exf6 Nxf6 14. d3 Be7 15. Qg3 Nxe4 16. dxe4 O-O 17. Qd3 Qc7 18. Bd2 a5 19. Bc4 Rbc8 20. b3 d5
21. exd5 exd5 22. Ba6 Qxc2 23. Qxc2 Rxc2 24. Bxb7 Rxd2 25. Bxd5+ Kh8 26. Rad1 Rc2 27. Rxd4=
1/2-1/2

[Event "1st Advent"]
[Site "SchemingMind.com"]
[Date "2021.12.30"]
[Round "-"]
[White "MichaelChess"]
[Black "trazadora"]
[Result "1/2-1/2"]
[WhiteCountry "CUB"]
[BlackCountry "CUB"]
[WhiteElo "2482"]
[WhiteRD "86"]
[BlackElo "2502"]
[BlackRD "84"]
[GameID "718891"]

1. e4 e5 2. Nf3 Nc6 3. Bc4 Bc5 4. c3 Nf6 5. d3 d6 6. Nbd2 a5 7. Nf1 h6 8. Ng3 O-O 9. O-O Re8 10. Re1 Bb6
11. h3 Be6 12. Bb5 Bd7 13. a4 Ne7 14. Bc4 c6 15. d4 Ng6 16. Bb3 Bc7 17. Be3 d5 18. Nxe5 Nxe4 19. Nxe4 Bxe5 20. Nc5 Bc7
21. Nxd7 Qxd7 22. Bc2 Re7 23. Kf1 Rae8 24. Qf3 Nf8 25. Bd2 Bd8 26. Rxe7 Bxe7 27. Qg3 Bd6 28. Qf3 Be7 29. Qf5 Qxf5 30. Bxf5 g6
31. Bc2 Kg7 32. Re1 Ne6 33. g3 h5 34. h4 Bd8 35. Bb3 Bf6 36. Be3 Kf8 37. Bd1 Bd8 38. Bf3 Bf6=
1/2-1/2

[Event "1st Advent"]
[Site "SchemingMind.com"]
[Date "2022.04.24"]
[Round "-"]
[White "MichaelChess"]
[Black "Rommel85"]
[Result "1/2-1/2"]
[WhiteCountry "CUB"]
[BlackCountry "CUB"]
[WhiteElo "2502"]
[WhiteRD "94"]
[BlackElo "2441"]
[BlackRD "99"]
[GameID "722857"]

1. e4 e5 2. Nf3 Nc6 3. Bc4 Bc5 4. c3 Nf6 5. d3 d6 6. h3 O-O 7. O-O a5 8. Re1 h6 9. Nbd2 Be6 10. Bb5 Qb8
11. Nf1 Qa7 12. Be3 Bxe3 13. Nxe3 Ne7 14. a4 Ng6 15. Bc4 Bxc4 16. Nxc4 Rfe8 17. b4 axb4 18. cxb4 b5 19. axb5 Qxa1 20. Qxa1 Rxa1
21. Rxa1 d5 22. Ncd2 Nf4 23. Ra3 Kf8 24. Kf1 Nxd3 25. Rxd3 dxe4 26. Nxe4 Nxe4 27. Rd7 Re7 28. Rd8+ Re8 29. Rd7 Re7=
1/2-1/2

[Event "1st Advent"]
[Site "SchemingMind.com"]
[Date "2022.04.23"]
[Round "-"]
[White "Rommel85"]
[Black "MichaelChess"]
[Result "1/2-1/2"]
[WhiteCountry "CUB"]
[BlackCountry "CUB"]
[WhiteElo "2441"]
[WhiteRD "99"]
[BlackElo "2502"]
[BlackRD "94"]
[GameID "722858"]

1. e4 c5 2. Nf3 d6 3. Nc3 Nf6 4. d4 cxd4 5. Nxd4 a6 6. Be3 e5 7. Nb3 Be7 8. f3 Be6 9. Qd2 O-O 10. O-O-O b5
11. g4 Nbd7 12. g5 b4 13. Ne2 Ne8 14. f4 a5 15. f5 a4 16. Nbd4 b3 17. Kb1 exd4 18. Nxd4 bxc2+ 19. Nxc2 Bb3 20. axb3 axb3
21. Na3 Ne5 22. h4 Ra4 23. Rh3 Qa8 24. Qd5 Rxa3 25. bxa3 Qxa3 26. Qd2 Nf6 27. Bd4 Nfd7 28. Qb2 Qa8 29. Re3 Rb8 30. Rc1 Rb4
31. Bxe5 Nxe5 32. Rcc3 h6 33. g6=
1/2-1/2